<?xml version="1.0" encoding="UTF-8"?>
<collection xmlns="http://www.loc.gov/MARC21/slim">
 <record>
  <leader>00684nam a2200217   4500</leader>
  <controlfield tag="001">000015440</controlfield>
  <controlfield tag="003">11820</controlfield>
  <controlfield tag="005">20150812150858.0</controlfield>
  <controlfield tag="008">120528s2000                           sd</controlfield>
  <datafield tag="245" ind1="0" ind2="0">
   <subfield code="a">Giáo trình địa lí kinh tế - xã hội Việt Nam</subfield>
   <subfield code="c">Nguyễn Viết Thịnh, Đỗ Thị Minh Đức</subfield>
  </datafield>
  <datafield tag="260" ind1=" " ind2=" ">
   <subfield code="a">H.</subfield>
   <subfield code="b">Giáo dục</subfield>
   <subfield code="c">2000</subfield>
  </datafield>
  <datafield tag="300" ind1=" " ind2=" ">
   <subfield code="a">2 tập</subfield>
  </datafield>
  <datafield tag="774" ind1=" " ind2=" ">
   <subfield code="a">Đỗ Thị Minh Đức</subfield>
   <subfield code="d">Giáo dục</subfield>
   <subfield code="d">H.</subfield>
   <subfield code="d">2000</subfield>
   <subfield code="g">T.1</subfield>
   <subfield code="h">239tr.</subfield>
   <subfield code="t">Phần Đại Cương</subfield>
   <subfield code="w">11822</subfield>
  </datafield>
  <datafield tag="OWN" ind1=" " ind2=" ">
   <subfield code="a">LSP</subfield>
  </datafield>
  <datafield tag="999" ind1=" " ind2=" ">
   <subfield code="a">From the UDN01</subfield>
  </datafield>
  <datafield tag="TYP" ind1=" " ind2=" ">
   <subfield code="a">Monograph</subfield>
  </datafield>
  <datafield tag="TYP" ind1=" " ind2=" ">
   <subfield code="a">Printed language</subfield>
  </datafield>
  <datafield tag="980" ind1=" " ind2=" ">
   <subfield code="a">Mạng thư viện Đại học Đà Nẵng</subfield>
  </datafield>
 </record>
</collection>
